000 00565nam a2200229Ia 4500
003 OSt
005 20220918194251.0
006 a|||||r|||| 00| 0
007 ta
008 220917b |||||||| |||| 00| 0 eng d
024 _a78,571
037 _cTextual
040 _aARTS
_cARTS
_beng
041 _2eng
_aeng
082 _aS, L51
100 _aBrwon Roger
_984175
245 0 _aPsychology
260 _c1975
700 _a Herrnstein Richard J
_984176
942 _hS, L51
_cTEXL
_2CC
999 _c202368
_d202368